| 000 | 01342nam a2200253Ia 4500 | ||
|---|---|---|---|
| 001 | 18535 | ||
| 003 | GE_BSU | ||
| 008 | 181216s||||||||xx |||||||||||||| ||und|| | ||
| 020 | _a9789941114991 | ||
| 040 | _cGE_BSU | ||
| 080 | _a821.111(410)-31 | ||
| 100 | _aბარნსი,ჯულიან. | ||
| 245 | _aინგლისი, ინგლისი | ||
| 245 | _cიგნლისურიდან თარგმნეს ზაზა ჭილაძემ და გია ჭუმბურიძემ. | ||
| 260 | _aთბილისი | ||
| 260 | _bდიოგენე | ||
| 260 | _c2015 | ||
| 300 | _a350გვ;20სმ. | ||
| 541 | _h14ლ.90თ. | ||
| 653 | _aბრიტანული მხატვრული ლიტერატურა | ||
| 653 | _aინგლისი, ინგლისი | ||
| 653 | _aინგლისი, ინგლისი” ცნობილი ბრიტანელი მწერლის, ჯულიან ბარნსის (1946) რომანია, რომელიც, კრიტიკოსთა აღიარებით, პოსტმოდერნული, სატირული და ანტიუტოპიური ლიტერატურის ნიმუშს წარმოადგენს. | ||
| 942 | _cBK | ||
| 999 |
_c51544 _d51544 |
||